Państwa wchodzące w skład Imperium Belgijskiego - Statystyki

Ogólne statystyki
  • Ten quiz został rozwiązany 47 razy
  • Średni wynik to 4 z 7
Statystyki odpowiedzi
Podpowiedź
(kontynent)
Odpowiedź
(kraj)
% Poprawnych
Afryka Demokratyczna Republika Konga
100%
Europa Belgia
97%
Afryka Rwanda
74%
Afryka Burundi
64%
*Afryka* Uganda
44%
*Azja* Chiny
33%
*Afryka* Sudan Południowy
18%
Nie znaleziono quizów pasujących do podanych kryteriów
Rozkład punktacji
Procent ludzi z każdym wynikiem
Percentyl według liczby udzielonych odpowiedzi
Twoja historia wyników
Nie rozwiązałeś tego quizu